Commercial Aircraft Quiz #1 - Statistics

General Stats
  • This quiz has been taken 1,758 times
  • The average score is 8 of 15
Answer Stats
Question Answer % Correct
What is the best selling commercial jet in history? Boeing 737
88%
Why did US Airways flight 1594 emergency land on the Hudson River? Bird strike
84%
What is the deadliest commercial aircraft crash in history? KLM flight 1736 and Pan Am flight 1736 collision
84%
Why did Concorde retire? All of the above and more
72%
What aircraft is the Boeing 717-200 based on? McDonnell Douglas MD-80
71%
What is the world's oldest airlines that is still operating? KLM Royal Dutch Airlines
64%
How long does oxygen mask last in a normal airplane? 15 minutes
57%
Formally known as CS300, this aircraft is now known as: Airbus A220
51%
What is the world's WORST airlines 2018? Air Koryo
46%
How many Airbus A380-800's do Fly Emirates own? 110
45%
Boeing grounded their B-737 MAX 8's after the crash of: Ethiopian Airlines flight 302
39%
What is the longest commercial jet in the world? Boeing 747-8I
29%
Where is Boeing's B737 assembly line? Renton, Washington St.
25%
What is the world's best airlines 2018? Singapore Airlines
25%
Which airlines used to occupy the empty terminal in JFK International Airport? Trans World Airways
24%
No matching quizzes found
Score Distribution
Percent of People with Each Score
Percentile by Number Answered
Your Score History
You have not taken this quiz